[Event "ch-IRL 2014"]
[Site "Dublin IRL"]
[Date "2014.07.13"]
[Round "9.14"]
[White "Killane, Jack"]
[Black "Twomey, Pat"]
[Result "0-1"]
[WhiteElo "1934"]
[BlackElo "1872"]
[WhiteFideId "2500949"]
[BlackFideId "2501937"]
[EventDate "2014.07.05"]
[EventType "swiss"]

1. e4 c5 2. d4 cxd4 3. c3 dxc3 4. Nxc3 Nc6 5. Bc4 d6 6. Nf3 e6 7. O-O Be7 8. Qe2
a6 9. Rd1 Qc7 10. Bf4 Ne5 11. Nxe5 dxe5 12. Be3 Bd7 13. Rac1 Bc6 14. f3 Rd8 15.
Rxd8+ Bxd8 16. Bb3 Ne7 17. Na4 O-O 18. Nc5 Qb8 19. Qf2 Qa8 20. h4 h5 21. g4 hxg4
22. fxg4 Ng6 23. g5 Nf4 24. Bxf4 exf4 25. Qxf4 Bb6 26. Kh1 Bxc5 27. Rxc5 b6 28.
Re5 g6 29. h5 Bd7 30. h6 Qd8 31. Bc4 a5 32. a3 Kh7 33. Kg2 f6 34. gxf6 Qxf6 35.
Qxf6 Rxf6 36. Rg5 Kxh6 37. Rg3 b5 38. Bd3 e5 39. Bb1 Rd6 40. Bd3 g5 41. Kf2 g4
42. Re3 Kg5 43. Kg3 Rh6 0-1